000 00656nam a22002057a 4500
003 UA-OsUOA
001 39468
007 ta
008 20080421b un ||||| |||| 00| 0 ukr d
090 _a050
_bН37
942 _cMG
040 _aUA-OsUOA
_bukr
_cUA-OsUOA
_dUA-OsUOA
245 _aНаша Культура
_b1951: 1, 2; 1952: 1-12;1953: 3, 4-5, 7, 9, 10-11, 12
955 _a4
041 _aukr
080 _a050
260 _aВінніпег
650 7 _a050 Серійні публікації. Періодика галузі, Організація та інші типи поєднання (співробітництва)
_2UDC
999 _c437976
_d437976